| 000 | 00477nam a2200193Ia 4500 | ||
|---|---|---|---|
| 005 | 20140402155514.0 | ||
| 008 | 140130s9999 xx 000 0 und d | ||
| 020 | _a0439176832 | ||
| 050 |
_aPZ 7 _b.N736 2000 |
||
| 100 |
_aNix, Garth _919379 |
||
| 245 |
_cGarth Nix. _aThe seventh tower : _bcastle / |
||
| 260 |
_bScholastic, _c2000. _aUSA : |
||
| 300 |
_a215 p. : _c24 cm. |
||
| 440 |
_v1 _931174 |
||
| 521 | _aG5 | ||
| 526 | _c790 | ||
| 942 |
_cBK _2lcc |
||
| 999 |
_c41142 _d41142 |
||